| Поле | Инд. | ПП | Название | Значение |
|---|---|---|---|---|
| Тип записи | a | |||
| Библиографический уровень | m | |||
| 001 | Контрольный номер | 1e657e6316ca4537a5fe9565dff83574 | ||
| 005 | Дата корректировки | 20251125114935.5 | ||
| 020 | a | ISBN | 978-5-7477-5779-0 | |
| 080 | a | Индекс УДК | 159.923 | |
| 084 | a | Индекс другой классификации/Индекс ББК | Ю937 | |
| 084 | a | Индекс другой классификации/Индекс ББК | Ю954.44 | |
| 090 | x | Авторский знак | А 95 | |
| a | Полочн. индекс | Ю9 | ||
| 097 | b | Оператор | *Ж* | |
| 097 | b | Оператор | *Мал* | |
| 100 | 1_ | a | Автор | Ахмадеева Е.В. |
| 245 | 10 | a | Заглавие | Теоретические подходы к самопредъявлению личности в межличностных отношениях |
| b | Продолж. заглавия | монография | ||
| c | Ответственность | Уфимский университет науки и технологий | ||
| 260 | a | Место издания | Уфа | |
| c | Дата издания | 2023 | ||
| b | Издательство | УУНиТ | ||
| 300 | a | Объем | 169 с. | |
| 516 | 8_ | a | Прим. о типе комп. файла/ данных | Текст : непосредственный |
| 520 | 0_ | a | Аннотация | В монографии систематизированы и обобщены теоретические подходы отечественных и зарубежных исследований по проблеме самопредъявления в межличностных отношениях. Обсуждены средства, тактики и стратегии успешного самопредъявления, предложена его теоретическая модель, которая позволяет сформулировать подходы к формированию эффектных межличностных отношений. Монография адресована психологам и педагогам, а также широкому кругу читателей, интересующихся вопросами межличностного общения. |
| 653 | 0_ | a | Ключевые слова | Личность |
| a | Ключевые слова | Межличностные отношения | ||
| a | Ключевые слова | Самопредъявление | ||
| 655 | a | Жанр/ форма (устаревшее) | *Н* | |
| 901 | t | Тип документа | m | |
| 905 | b | Дата создания записи обработка | 13.10.25 | |
| 952 | e | Факультет | *ФУСК* | |
| a | Тип литературы для КСУ ВШ | *Н* | ||
| 990 | h | N записи в КСУ для Б/У (DOS) | 53/2024 | |
| 990 | f | Даты поступлений (DOS) | 25.10.24 | |
| g | Размещение заказа (DOS) | пожертвование православного Прихода Успенского | ||
| j | Количество экземпляров (DOS) | 1 |